000 00976nam a2200241 a 4500
001 82072
003 BD-RjUL
005 20231009182812.0
008 231009s2014 bg a|||| m||| 00| 0 eng d
035 _a(BD-RjUL)82072
040 _aBD-RjUL
_beng
_cBD-RjUL
_dBD-RjUL
041 _aeng
082 _223
_a384.1
_bNEA 2014
100 _aNeogy, Taposh Kumar
_99434
245 1 0 _aACCOUNTING INFORMATION SYSTEMS OF MOBILE TELECOMMUNICATION COMPANIES IN BANGLADESH /
_cTaposh Kumar Neogy
_6Supervisor : Abhinaya Chandra Saha
260 _aRajshahi :
_bDepartment of Accounting and Information Systems,University of Rajshahi
_c2014
300 _a[6], xxvi, 273 leaves :
_bill.;
_c29 cm.
502 _aThesis(Ph.D.)-- Department of Accounting and Information Systems,University of Rajshahi,2014
504 _aBibliography : Leaves 241-249
650 _aCommunication
_xTelecommunication
_zBangladesh
_99435
700 _aSaha, Abhinaya Chandra, Supervisor
_91668
942 _2ddc
_cTHE
999 _c82072
_d82072